000 00392nam a2200133Ia 4500
008 220217s9999||||xx |||||||||||||| ||und||
020 _a81-88849-17-0
082 _a621.381 3 NAI
100 _aNair,Somanath, B
245 0 _aMicrowave engineering:Asimplified approach
260 _aSanguine Technical publications
_bBangalore
_c2005
300 _b265
650 _aMICROWAVE ENGINEERING
999 _c173941
_d173941